Statistics for 2020s Albums

Click here to take the quiz!

General Stats

  • This quiz has been taken 106 times
  • The average score is 16 of 24

Answer Stats

Answer% Correct
Midnights - Taylor Swift
97%
30 - Adele
94%
Happier Than Ever - Billie Eilish
94%
After Hours - The Weeknd
93%
Renaissance - Beyoncé
93%
Sour - Olivia Rodrigo
92%
Harry's House - Harry Styles
90%
Certified Lover Boy - Drake
83%
SOS - SZA
83%
UTOPIA - Travis Scott
82%
Changes - Justin Bieber
76%
Tickets to My Downfall - Machine Gun Kelly
73%
Legends Never Die - Juice Wrld
72%
Mr. Morale & the Big Steppers - Kendrick Lamar
69%
Manic - Halsey
60%
Please Excuse Me For Being Antisocial - Roddy Ricch
55%
This Is Why - Paramore
55%
The Slow Rush - Tame Impala
52%
Un Verano Sin Ti - Bad Bunny
47%
The Record - boygenius
43%
One Thing at a Time - Morgan Wallen
38%
Stick Season - Noah Kahan
37%
Zach Bryan - Zach Bryan
36%
Scaring the Hoes - JPEGMAFIA & Danny Brown
35%

Score Distribution

Percentile by Number Answered

Percent of People with Each Score

Your Score History

You have not taken this quiz